000 01089nam2a22002411i 4500
001 RU\NLR\INFOCOMM55\5000160735
005 20240727023732.0
035 _a(NLR Aleph) 002588622
090 _a3340754
_c3340754
100 _a20041020d1977 |||y0rusy50 ca
101 0 _arus
_aeng
102 _aRU
105 _ay ||||000|y
200 1 _aНекоторые вопросы описания адронных взаимодействий при высоких энергиях
_eАвтореф. дис. на соиск. учен. степени к.ф.-м.н.
_fВ.К. Митрюшкин
210 _d1977
461 0 _1001RU\NLR\INFOCOMM15\1000176112
_12001#$aИздания$fОбъедин. ин-т ядерных исследований$v2-11068
_910378356
_aОбъединенный институт ядерных исследований (Дубна)
_cДубна
_d1956-
_tИздания
_v2-11068
700 1 _aМитрюшкин
_bВ.К.
_4070
801 1 _aRU
_bInfoComm
_c20050114
801 0 _aRU
_bNLR
_gPSBO
852 _aNLR
_jП11/2061
942 _cISSUE
980 _aRUSPER